COUNTERACTING STADIUM CRIME IN POLAND - PROBLEM OUTLINE

Podrobná bibliografia
Hlavný autor: Dworzecki, Jacek (Autor)
Médium: Článok
Jazyk:angličtina
ISBN:9788080545062
Predmet:

MARC

LEADER 00000naa a2200000 a 4500
001 vtls011854172
003 SK-MaSNL
005 20260302133033.0
008 210910|2011 xo |||||||||||||||||eng|
015 |a SNBCL 
035 |a (urnnbn)urn:nbn:sk:snk:ar-a0ayr8 
035 |a urn:nbn:sk:snk-aaw8g7 
035 |a (uuid)33cbc315-6ca1-48e5-9687-df819e7cee7f 
040 |a SNKBUCL  |b slo  |c SNKBUCL  |e AACR2 
041 |a eng 
044 |a xo  |c SK 
100 1 |a Dworzecki, Jacek  |4 aut  |9 346285 
245 1 0 |a COUNTERACTING STADIUM CRIME IN POLAND - PROBLEM OUTLINE  |c Jacek Dworzecki 
336 |a text  |b txt  |c rdacontent 
337 |a bez média  |b n  |c rdamedia 
338 |a zväzok  |b nc  |c rdacarrier 
655 7 |a články zo zborníkov  |2 snkbucl  |9 166140 
773 0 |t Complementary Research Results from Middle Europe Researches Area Cooperated on EU SEC II  |d Bratislava : Akadémia Policajného zboru, 2011  |g S. 71-76  |z 9788080545062 
958 |a OND 
958 |a article26 
958 |a chapter 
999 |c 1315099  |d 1317029